Handbook for telescope making
| Main Author: | |
|---|---|
| Format: | Book |
| Published: |
London :
Faber and Faber ,
1962
|
| Subjects: |
MARC
| LEADER | 00000cam a2200000 7i4500 | ||
|---|---|---|---|
| 001 | 0000003392 | ||
| 005 | 20041012093000.0 | ||
| 008 | 021118s1962 | ||
| 090 | 0 | 0 | |a QB88 |b .H69 |
| 100 | 0 | |a Howard, N. E. , |e author | |
| 245 | 1 | 0 | |a Handbook for telescope making |c N. E. Howard |
| 260 | 2 | |a London : |b Faber and Faber , |c 1962 | |
| 300 | |a x, 322 p. ; |c 21 cm. | ||
| 504 | |a Includes index | ||
| 650 | 0 | |a Telescopes | |
| 999 | |a 1000038648 |b Book |c OPEN SHELF (30 DAYS) |e Gong Badak Campus | ||